000 00492pab a2200169 454500
008 180718b2009 xxu||||| |||| 00| 0 eng d
100 _aAkhup, Alex
245 _aInterface between state, voluntary organisations and tribes: a perspective towards tribe-centred social work practice
260 _c2009
300 _ap.597-615.
362 _aOct
650 _atribes
650 _aNongovernmental organizations
773 _aIndian Journal of Social Work
908 _aN
909 _a87512
999 _c87512
_d87512